Fast & furious 5 (Record no. 168055)

MARC details
000 -LEADER
fixed length control field 00797ngm a2200181 i 4500
001 - CONTROL NUMBER
control field C2-0343721
003 - CONTROL NUMBER IDENTIFIER
control field PPAK
005 - DATE AND TIME OF LATEST TRANSACTION
control field 20180727222800.0
008 - FIXED-LENGTH DATA ELEMENTS--GENERAL INFORMATION
fixed length control field 171119s2011 cau|||| ||||| | vleng d
040 ## - CATALOGING SOURCE
Original cataloging agency PPAK
Language of cataloging eng
Transcribing agency PPAK
Description conventions rda
245 10 - TITLE STATEMENT
Title Fast & furious 5
264 #1 - PRODUCTION, PUBLICATION, DISTRIBUTION, MANUFACTURE, AND COPYRIGHT NOTICE
Place of production, publication, distribution, manufacture California ; Ampang Selangor :
Name of producer, publisher, distributor, manufacturer Universal Pictures; HVN Entertainment Sdn. Bhd. (Malaysia Distributor) ,
Date of production, publication, distribution, manufacture, or copyright notice 2011
500 ## - GENERAL NOTE
General note DVD, anamoprhics widescreen (2.35:1), Dolby Digital 5.1; region 3 ; Summary : Fugitive Dom Toretto (Diesel) partners with former cop Brian O'Conner (Walker) on the opposite side of the law in exotic Rio de Janeiro, Brazil. ; English,and T
700 ## - ADDED ENTRY--PERSONAL NAME
Relator term author
Personal name Lin, Justin,
Relator term compile
Personal name Wagner, Christian ; Matsumoto, Kelly ; Raskin, Red,
Relator term editor
942 ## - ADDED ENTRY ELEMENTS (KOHA)
Source of classification or shelving scheme Dewey Decimal Classification
Koha item type Digital Video Disc
Holdings
Withdrawn status Lost status Source of classification or shelving scheme Damaged status Not for loan Current library Shelving location Date acquired Source of acquisition Total Checkouts Full call number Barcode Date last seen Date last checked out Cost, replacement price Koha item type
    Dewey Decimal Classification     Perpustakaan Alor Setar Pinjaman Dewasa 29/11/2017 GI 1 791.4372 MOR A01547640 18/06/2019 28/05/2019 34.90 Digital Video Disc